000
00279nam a22001217a 4500
008
171206b xxu||||| |||| 00| 0 eng d
041
_a
eng
080
_a
621
100
_a
27
101
_a
IIM
245
_a
SIMULATION IN RESEARCH AND DEVELOPMENT
_c
EGER.H
942
_2
udc
_c
BK
999
_c
38790
_d
38790